| 000 | 00622nam a2200169 i 4500 | ||
|---|---|---|---|
| 001 | 185219 | ||
| 003 | ES-MaACL | ||
| 005 | 20230906222355.0 | ||
| 008 | 160419q1914 ne |||| | fre d | ||
| 110 | 2 |
_aMartinus Nijhoff (La Haya) _9159006 |
|
| 245 | 1 | 0 |
_aCatalogue [nº 406] de livres anciens en vente aux prix marqués _b: livres en langue portugaise et sur le Portugal et ses colonies. |
| 260 |
_aLa Haye : _bMarinus Nijhoff, [1914?] |
||
| 300 |
_a84 p. ; _c23 cm. |
||
| 610 | 2 | 4 |
_aMartinus Nijhoff (La Haya)- _vCatálogos. _9159007 |
| 650 | 4 |
_aLibros- _vCatálogos comerciales. _9159004 |
|
| 852 |
_aES-MaACL _j1513-F-5 |
||
| 999 |
_c185219 _d185219 |
||